| Tag |
First Indicator |
Second Indicator |
Subfields |
| LEADER |
00000cam a2200000 a 4500 |
| 001 |
in00000032392 |
| 005 |
20160115090102.0 |
| 008 |
870630s1988 enka bs 00110 eng |
| 010 |
|
|
|a 87019894
|
| 020 |
|
|
|a 070992030X
|
| 035 |
|
|
|a (OCoLC)16226888
|
| 035 |
|
|
|9 AAC1015AM
|
| 040 |
|
|
|a DLC
|c DLC
|d TXA
|d UtOrBLW
|
| 043 |
|
|
|a a-ko---
|
| 049 |
|
|
|a TXAM
|c [A11508945]
|
| 050 |
0 |
0 |
|a HC470.T4
|b E56 1988
|
| 082 |
0 |
|
|a 338.9519/506
|2 19
|
| 100 |
1 |
|
|a Enos, John L.
|q (John Lawrence),
|d 1924-
|
| 245 |
1 |
4 |
|a The adoption and diffusion of imported technology :
|b the case of Korea /
|c J.L. Enos, W.-H. Park.
|
| 264 |
|
1 |
|a New York :
|b Croom Helm in association with Methuen,
|c [1988]
|
| 264 |
|
4 |
|c ©1988
|
| 300 |
|
|
|a 272 pages :
|b illustrations ;
|c 23 cm.
|
| 336 |
|
|
|a text
|b txt
|2 rdacontent
|
| 337 |
|
|
|a unmediated
|b n
|2 rdamedia
|
| 338 |
|
|
|a volume
|b nc
|2 rdacarrier
|
| 504 |
|
|
|a Bibliography: pages 258-261.
|
| 500 |
|
|
|a Includes index.
|
| 650 |
|
0 |
|a Technological innovations
|x Economic aspects
|z Korea (South)
|x Case studies.
|
| 650 |
|
0 |
|a Technology transfer
|z Korea (South)
|x Case studies.
|
| 650 |
|
0 |
|a Industries
|z Korea (South)
|x Case studies.
|
| 650 |
|
0 |
|a Diffusion of innovations
|z Korea (South)
|x Case studies.
|
| 700 |
1 |
|
|a Pak, U-hŭi,
|d 1935-
|
| 999 |
|
|
|a MARS
|
| 999 |
f |
f |
|s 5b6b43d9-bac5-3008-8699-10601e642fde
|i b204e5c1-198b-3400-bb80-9e2ad1530549
|t 0
|
| 952 |
f |
f |
|p ric
|a Texas A&M University
|b Rellis Campus
|c Joint Library Facility
|d Remote Storage
|t 0
|e HC470.T4 E56 1988
|h Library of Congress classification
|i unmediated -- volume
|m A14811508945
|
| 998 |
f |
f |
|a HC470.T4 E56 1988
|t 0
|l Remote Storage
|